Statistics for SAT Words Impossible Click Quiz - A

Click here to take the quiz!

General Stats

  • This quiz has been taken 130 times
  • The average score is 9 of 18

Answer Stats

HintAnswer% Correct
Lacking feathers, hair, or woolAlopecic
84%
Universally accepted as truthAxiomatic
78%
Totally opposite; or, opposite sides of a sphereAntipodal
76%
Seize unjustifiablyArrogate
63%
Characteristic of authorshipAuctorial
63%
Give a sketchy outlineAdumbrate
53%
Diligent effort; persistenceAssiduity
53%
Related to fieldwork; or, rusticAgrestic
52%
Declare in a conclusive mannerAver
52%
Indigenous, nativeAutochthonous
49%
A secret that is difficult to understandArcanum
46%
Reemergence of an ancestral trait; or, a throwbackAtavism
42%
Friendly and helpfulAvuncular
42%
One learning rudiments of a subject; or, rudimentaryAbecedarian
40%
Social erosion due to moral deteriorationAnomie
36%
Unable to bear fruit; unproductiveAcarpous
33%
Supplemental; from an extrinsic sourceAdscititious
20%
Able to ward off evilApotropaic
17%

Score Distribution

Percentile by Number Answered

Percent of People with Each Score

Your Score History

You have not taken this quiz